Παραστατική γεωμετρία : θεωρία, 57 λυμένες ασκήσεις, 370 γεωμετρικά σχήματα, τεχνικές εφαρμογές

Αποθηκεύτηκε σε:
Λεπτομέρειες βιβλιογραφικής εγγραφής
Κύριος συγγραφέας: Γεωργίου, Δημήτρης
Μορφή: Βιβλίο
Γλώσσα:Greek
Δημοσίευση: Αθήνα : Εκδόσεις Νέων Τεχνολογιών, c2009.
Θέματα:
Ετικέτες: Προσθήκη ετικέτας
Δεν υπάρχουν, Καταχωρήστε ετικέτα πρώτοι!

MARC

LEADER 00000cam a2200000 i 4500
001 1/24932
008 130124s2009 gr | ||| |||| |gre||
020 |a 9789606759321 
035 |l 10113552 
040 |a GR-MyUa  |b gre  |e AACR2 
041 0 |a gre 
082 7 |a 516.6   |2 (22) 
100 1 |a Γεωργίου, Δημήτρης. 
245 1 0 |a Παραστατική γεωμετρία :   |b θεωρία, 57 λυμένες ασκήσεις, 370 γεωμετρικά σχήματα, τεχνικές εφαρμογές /   |c Γεωργίου Δημήτρης. 
260 |a Αθήνα :   |b Εκδόσεις Νέων Τεχνολογιών,   |c c2009. 
300 |a 270 σ. ;   |c 29 εκ. 
504 |a Βιβλιογραφία: σ. 269-270. 
650 0 0 |a Geometry, Descriptive  |x Problems, Exercises, etc. 
852 |a INST  |b SYROS  |e 20130124  |h 516.6 ΓΕΩ  |p 005500010521  |q 005500010521  |t BK  |y 0 
901 |a BIBL5-2012-3 
922 |a 5ΕΛΗ  |b 201210  |c ΒΙΒΛΙΟΘΗΚΗ ΣΥΡΟΥ  |d Π. ΙΩΑΝΝΙΔΟΥ 
970 |a ΚΟΝΤΟΥ  |b ΠΑΡΑΣΚΕΥΗ  |z 2013/01/24